Vzkriesený Kristus a Kniha Kazateľ

Bibliographic Details
Main Author: Horka, Róbert (Author)
Format: Article
Language:Slovak
ISSN:0139-861X
Subjects:

MARC

LEADER 00000nab a2200000 a 4500
001 vtls000722696
003 SK-MaSNL
005 20260302195847.0
008 140328c2000 xo 0 slo
015 |a SNBRB2000/05-14710 
035 |a CLN000074863 
040 |a SNKBUCL  |b slo  |c SNKBUCL  |e AACR2 
041 0 |a slo 
044 |a xo  |c SK 
080 |a 223  |2 1997 
100 1 |a Horka, Róbert  |4 aut  |9 374932 
245 1 0 |a Vzkriesený Kristus a Kniha Kazateľ  |c Róbert Horka 
504 |a Bibliogr. odkazy 
630 0 7 |a Biblia  |p Kazateľ  |2 snkbucl  |9 162737 
655 7 |a články z novín a časopisov  |2 snkbucl  |9 267496 
773 0 |t Duchovný pastier  |g Roč. 81, č. 4 (2000), s. 155-158  |x 0139-861X 
850 |a Slovenská národná knižnica v Martine 
852 |a SNK  |b KIS3GCP 
958 |a NB 
992 |a RBX 
999 |c 1454213  |d 1456143